Music Quiz

Random Music or Singers Quiz

Get the Picture: Tenacious D or The Lonely Island Quiz Stats

 Plays Quiz not verified by Sporcle

Score 0/20 Timer 03:00
1 Play Today
Question Answer Wrong Answers
Tribute Tenacious D
82.2%
The Lonely Island
7.5%
I'm on a Boat The Lonely Island
81.9%
Tenacious D
7.9%
Beelzeboss (The Final Showdown) Tenacious D
81.6%
The Lonely Island
8.5%
The Metal Tenacious D
80.2%
The Lonely Island
9.3%
I Just Had Sex The Lonely Island
79.5%
Tenacious D
9.7%
Kyle Quit the Band Tenacious D
79.4%
The Lonely Island
10.7%
Like a Boss The Lonely Island
78%
Tenacious D
11.1%
Kielbasa Tenacious D
78%
The Lonely Island
11.9%
Kickapoo Tenacious D
77%
The Lonely Island
12.4%
We Like Sportz The Lonely Island
75.4%
Tenacious D
13.8%
Threw It on the Ground The Lonely Island
75.1%
Tenacious D
14.1%
One Note Song Tenacious D
74.7%
The Lonely Island
14.7%
Jack Sparrow The Lonely Island
74.6%
Tenacious D
14.7%
Master Exploder Tenacious D
74.4%
The Lonely Island
14.6%
3-Way (The Golden Rule) The Lonely Island
70.1%
Tenacious D
19.1%
Lazy Sunday The Lonely Island
69.2%
Tenacious D
20.2%
The Creep The Lonely Island
68.4%
Tenacious D
21.8%
Dude (I Totally Miss You) Tenacious D
66.5%
The Lonely Island
23.2%
Shy Ronnie The Lonely Island
66.4%
Tenacious D
22.4%
Low Hangin' Fruit Tenacious D
62.4%
The Lonely Island
27.1%

You're not logged in!

Compare scores with friends on all Sporcle quizzes.
OR
Log In

Show Comments

Extras

Top Quizzes Today


Score Distribution

Your Account Isn't Verified!

In order to create a playlist on Sporcle, you need to verify the email address you used during registration. Go to your Sporcle Settings to finish the process.

Report this User

Report this user for behavior that violates our Community Guidelines.

Details: